Statistics for Bears by Image

Click here to take the quiz!

General Stats

  • This quiz has been taken 570 times
  • The average score is 12 of 16

Answer Stats

Answer% Correct
Giant Panda
100%
Black Bear
99%
Brown Bear (Grizzly)
99%
Polar Bear
99%
Koala bear
95%
Pooh Bear
95%
Teddy Bear
95%
Gummy bear
92%
Yogi Bear
76%
Bear of {California}
75%
Smokey Bear
69%
Chicago Bears
68%
Ursa Major (Great Bear)
56%
Sun Bear
52%
Spectacled Bear
32%
Bear of {Berlin}
22%

Score Distribution

Percentile by Number Answered

Percent of People with Each Score

Your Score History

You have not taken this quiz